Statistics for Asian Geography-Multiple Choice

Click here to take the quiz!

General Stats

  • This quiz has been taken 16 times
  • The average score is 10 of 15

Answer Stats

QuestionAnswer% Correct
What peninsula is Vietnam in?Indochina
100%
Which is a picture of the city of Petra?
88%
What is one of the official language of Singapore?Tamil
88%
Who borders Kazakhstan?Uzbekistan
88%
Which is an island nation?Brunei
81%
What is the second most populous urban area in Japan?Osaka
75%
What is the second longest river in China?Yellow
75%
What is the capital of Turkmenistan?Ashgabat
69%
Which country was colonized by the UK?Malaysia
69%
What is the second largest urban area in India?Mumbai
69%
What is the flag of Laos?
63%
Which country borders a country outside of Asia?Indonesia
50%
What is the country with the second lowest average elevation in Asia?Singapore
50%
The Mekong River ends in which country?Vietnam
50%
How many countries are recognized by Jetpunk in Asia?49
13%

Score Distribution

Percentile by Number Answered

Percent of People with Each Score

Your Score History

You have not taken this quiz